000 00799nai a2200217Ia 4500
003 IN-BaIIA
008 211028c9999 xx s 000 0 eng d
022 _a0097-6628 (Print)
022 _a2151-626X (Online)
040 _cIIA Library
245 0 _aIRE Transactions on Vehicular Communications
_h[eJournal]
260 _aNew York, USA
_bThe Institute of Electrical and Electronics Engineers, Inc. (IEEE)
310 _aBiannualy
362 _aPGVC-5;1955 - VC-11(1); 1962
521 _bSubscribed through National Knowledge Resource Consortium (NKRC)
650 _a Aerospace
650 _a Communication, Networking and Broadcast Technologies
650 _aTransportation
856 _uhttps://ieeexplore.ieee.org/servlet/opac?punumber=10784
_yClick Here to Access eJournal
942 _cEJ
999 _c34933
_d34933